Antonín Švehla: Czech peasant statesman

Bibliographic Details
Main Author: Palecek, Anthony (Author)
Format: Book
Language:English
PhysicalDescription:S. 3-17 21 cm
Published: New York [Universum Press] 1963
Subjects:

MARC

LEADER 00000nam a2200000 a 4500
001 vtls008625454
003 SK-MaSNL
005 20260301100101.0
008 240314s1963 xxu n 000 0deng
015 |a SNBZSA2006-00557 
020 |q (brož.) 
040 |a SNK  |b slo  |c SNK  |e AACR2 
041 0 |a eng 
043 |a e-cs--- 
044 |a xxu  |c US 
072 7 |a 32  |x Politika  |2 konspekt 
072 7 |a 94(437)  |x Dejiny Česka a Slovenska  |2 konspekt 
080 |a 32-051  |x (437)  |2 2001 
080 |a 94(437)  |2 2001 
100 1 |a Palecek, Anthony  |4 aut  |9 432369 
245 1 0 |a Antonín Švehla: Czech peasant statesman  |c by Anthony Palecek 
260 |a New York  |b [Universum Press]  |c 1963 
300 |a S. 3-17  |c 21 cm 
500 |a Sep. odt. z: Slavic review : american quaterly of Soveit and East European studies, December 1962 
504 |a Bibliogr. odkazy 
600 1 7 |a Švehla, Antonín,  |d 1873-1933  |2 snkbuxs  |9 155275 
651 7 |a Československo  |x dejiny  |2 SNKPH  |9 161432 
655 7 |a štúdie  |2 SNKPH  |9 57033 
958 |a ZS 
958 |a NB 
958 |a CZ 
958 |a BC 
958 |a OND 
999 |c 685151  |d 687081 
952 |a SNK  |b SNK  |y PREZ  |7 0  |p 17A0497952  |o snkOSC 23393  |i snk2006/4101  |8 2  |g 1.66  |0 0  |1 0  |4 0  |d 2006-02-23  |l 0  |r 2026-02-23 20:09:48  |w 2026-02-23